American Car Brands - Statistics

General Stats
  • This quiz has been taken 292 times
  • The average score is 8 of 13
Answers on the Grid
Answers color-coded by a green-red scale on the quiz's grid according to % correct below.
Ford
Chevrolet
UD
Hillman
Geo
Jensen
Škoda
Dodge
Cole
Plymouth
Isuzu
Rossion
Bayerische Motoren Werke
Buick
Willys
Fisker
Zastava
Alfa Romeo
Trion
Saturn
Jeep
 
Answer Stats
Answer % Correct
Chevrolet
96%
Ford
95%
Dodge
90%
Buick
83%
Jeep
83%
Plymouth
75%
Saturn
57%
Willys
49%
Fisker
34%
Geo
33%
Cole
28%
Trion
21%
Rossion
17%
No matching quizzes found
Score Distribution
Percent of People with Each Score
Percentile by Number Answered
Your Score History
You have not taken this quiz